• 首页
  • 本馆介绍
  • 公告通知
  • 最新文献
  • 馆藏检索
  • 电子资源
  • 读者导购
  • 参考咨询
  • 我的图书馆
  • 登录
  • 详细信息显示
  • 放入我的书架
  • 预约/预借图书
  • 作者相关作品
  • 分类相关作品
  • 丛书相关作品
  • 出版社相关作品

书目信息

  • 表格格式
  • 工作单格式
  • 卡片格式
题名:
古猿怎样变成人
    
 
作者: 方少青 著
分册:  
出版信息: 北京   中国青年出版社  1977
页数: 138页
开本: 19cm
丛书名:
单 册:
中图分类: Q981.1
科图分类:
主题词: 人类-起源 , 起源-人类
电子资源:
ISBN:
000 00692nam0 2200265 45
001 0177001675
005 20040907091154.6
010    @dCNY0.30
091    @a13009.150
100    @a19951030d1977 em y0chiy0121 ea
101 0  @achi
102    @aCN@b110000
105    @ay z 000yy
106    @ar
200 10 @a古猿怎样变成人@Agu yuan zen yang bian cheng ren@f方少青著
210    @a北京@c中国青年出版社@d1977
215    @a138页@d19cm
300    @a青年科学普及读物
606    @a人类-起源
606    @a起源-人类
690    @aQ981.1@v3
701  0 @a方少青@Afang shao qing@4著
801  0 @aCN@b广东省中山图书馆@c20040907
801  2 @aCN@bNLC@c20040907
905    @f1@b13087@dQ981.1@e1
    
    古猿怎样变成人/方少青著.-北京:中国青年出版社,1977
    138页;19cm
    青年科学普及读物
    
    ISBN :CNY0.30
    
●
相关链接 在E读中查询图书 在五车中查询图书 在当当中查询图书 在豆瓣中查询图书


正题名:古猿怎样变成人     索取号:Q981.1/1         预约/预借

序号 登录号 条形码 馆藏地/架位号 状态 备注
1 0013087   001947656   第三借阅区/ [索取号:Q981.1/1] 在馆    
唐山师范学院图书馆 欢迎您!
大连网信软件有限公司© 版权所有